| 000 | 01049nam a22002777a 4500 | ||
|---|---|---|---|
| 999 |
_c13952 _d13952 |
||
| 003 | EG-ScBUE | ||
| 005 | 20210128134634.0 | ||
| 008 | 100428s2007 ua f 000 0 ara d | ||
| 017 | _a2007/8633 | ||
| 020 | _a9774196937 | ||
| 040 |
_aEG-ScBUE _bara _erda _cEG-ScBUE _dEG-ScBUE |
||
| 043 | _af-ua--- | ||
| 082 | 0 | 4 |
_a962.053 _bف ت ا _222 |
| 100 | 1 |
_913689 _aعبد الفتاح، فتحي، _eمؤلف. |
|
| 245 | 1 | 0 |
_aثنائية السجن والغربة / _cدكتور فتحي عبد الفتاح. |
| 264 | 1 |
_aالقاهرة : _bالهيئة المصرية العامة للكتاب، _c2007. |
|
| 300 |
_a513 صفحة ؛ _c24 سم |
||
| 336 |
_2rdacontent _aنص _btxt |
||
| 337 |
_2rdamedia _aبدون وسيط _bn |
||
| 338 |
_2rdacarrier _aمجلد _bnc |
||
| 650 | 7 |
_913731 _aالمسجونون السياسيون _zمصر. _2BUEsh |
|
| 651 | 7 |
_aمصر _xتاريخ _yالعصر الحديث _yجمال عبد الناصر (1954-1970) _2BUEsh |
|
| 653 |
_bBUSBOL _cJanuary2021 |
||
| 655 |
_vReading book _934232 |
||
| 942 |
_2ddc _cBB |
||